000 00511nam a2200217Ia 4500
003 OSt
005 20230428101446.0
008 210423s2005 xx 000 0 und d
020 _a9781416500322
040 _cAL
041 _aeng
082 _a920
_223
_b KELH
100 _aKELLER (Helen)
_994597
245 _aStory of my life
260 _bSimon & Schuster
_c2005
300 _axviii,282
_bPB
365 _b125
_cINR
650 _aBiography
_994598
906 _alife ; my ; Story
942 _2ddc
_cBK
999 _c161252
_d161252